Statistics for Hermione Granger HARD Quiz

Click here to take the quiz!

General Stats

  • This quiz has been taken 435 times
  • The average score is 8 of 25

Answer Stats

HintAnswer% Correct
Her FULL nameHermione Jean Granger
89%
Who does Hermione hit in her third year?Draco Malfoy
69%
Known as/called by an enemy:Mudblood
68%
Where did she first meet the boys?On the Hogwarts Express
65%
What is the name of Hermione's pet?Crookshanks
61%
Which animal is her patronus?Otter
60%
Who asked Hermione to visit him one summer in their fourth year?Viktor Krum
53%
Where did she first produce her patronus?Room of Requirement
46%
Known as under the influence of Polyjuice Potion:Harry Potter
44%
What organisation did she start up that got laughed at by Harry and Ron?S.P.E.W
44%
Known as under the influence of Polyjuice Potion:Bellatrix Lestrange
43%
Known as under the influence of Polyjuice Potion:Mafalda Hopkirk
42%
Known as/called by a 'friend':Hermy
32%
Hermione's pet is part- _ _ _ _ _ _ _Kneazle
23%
What is the last ingredient that she smells in Amortentia: fresh cut grass, new parchment, spearmint toothpaste, and ___________Ron Weasley's hair
13%
DOB19 September 1979
12%
Known as/called: (an alias)Penelope Clearwater
10%
While at Hogwarts, what was she often described as?The brightest witch of her age
8%
What is the name of the road that Hermione disapparates the trio to after the wedding is disrupted?Tottenham Court Road
8%
Known as/called by a male suitor:Herm-own-ninny
7%
What did Hermione do at the first Quidditch match in their first year?Set Snape's robes on fire
5%
Hermione created charmed magical coins. What charm did she use?The Protean Charm
5%
When Hermione modifies her parents' memories, what is her father's new name?Wendell Wilkins
3%
Known as/called by Rita Skeeter:Bored Yawn
1%
Why does she hit the person?For mocking Hagrid
1%

Score Distribution

Percentile by Number Answered

Percent of People with Each Score

Your Score History

You have not taken this quiz